Logistics Management (Record no. 94613)

MARC details
000 -LEADER
fixed length control field 00722nam a2200229Ia 4500
005 - DATE AND TIME OF LATEST TRANSACTION
control field 20230228150454.0
008 - FIXED-LENGTH DATA ELEMENTS--GENERAL INFORMATION
fixed length control field 230125s9999 xx 000 0 und d
020 ## - INTERNATIONAL STANDARD BOOK NUMBER
International Standard Book Number 9788121928854
041 ## - LANGUAGE CODE
Language code of text/sound track or separate title eng
082 ## - DEWEY DECIMAL CLASSIFICATION NUMBER
Classification number 658.7
Item number BHA
100 ## - MAIN ENTRY--PERSONAL NAME
Author Bhattacharyya S K
245 ## - TITLE STATEMENT
Title Logistics Management
Remainder of title Definition Dimension and Functional Applications
250 ## - EDITION STATEMENT
Edition statement Ed.2nd
260 ## - PUBLICATION, DISTRIBUTION, ETC.
Date of publication, distribution, etc. 2013
Name of publisher, distributor, etc. S. Chand & Company Ltd.
Place of publication, distribution, etc. New Delhi
300 ## - PHYSICAL DESCRIPTION
Extent 416p
500 ## - GENERAL NOTE
Keywords Logistics management;Materials and Logistics Management <br/>
650 ## - SUBJECT ADDED ENTRY--TOPICAL TERM
Topical term or geographic name entry element Logistics management;Materials and Logistics Management
700 ## - ADDED ENTRY--PERSONAL NAME
Personal name Bhattacharyya S K
942 ## - ADDED ENTRY ELEMENTS (KOHA)
Koha item type Books
906 ## - LOCAL DATA ELEMENT F, LDF (RLIN)
b 111.6
Holdings
Withdrawn status Lost status Damaged status Not for loan Home library Current library Date acquired Vendor Net Price Bill number Total Checkouts Full call number Barcode Date last seen Actual Price Bill Date Koha item type Original Barcode
        Smt. Hiraben Nanavati Institute of Management & Research for Women Smt. Hiraben Nanavati Institute of Management & Research for Women 23/02/2017 Suyog Enterprises 360.00 SE/SI/3790   658.7 BHA B15270 HIMR-BK-15270 25/01/2023 248.40 22/02/2017 Books B15270
        Smt. Hiraben Nanavati Institute of Management & Research for Women Smt. Hiraben Nanavati Institute of Management & Research for Women 23/02/2017 Suyog Enterprises 360.00 SE/SI/3790   658.7 BHA B15271 HIMR-BK-15271 25/01/2023 248.40 22/02/2017 Books B15271